| Поле | Инд. | ПП | Название | Значение |
|---|---|---|---|---|
| Тип записи | a | |||
| Библиографический уровень | m | |||
| 001 | Контрольный номер | 2aa5de0dedd949ebb86afc01af9eb3b1 | ||
| 005 | Дата корректировки | 20241001111749.8 | ||
| 040 | a | Служба первич. каталог. | НБ ТвГУ | |
| b | Код языка каталог. | rus | ||
| e | Правила каталог. | PSBO | ||
| 041 | 0_ | a | Код языка текста | rus |
| 080 | a | Индекс УДК | 94(470.331) | |
| 084 | a | Индекс другой классификации/Индекс ББК | Т3(2Рос-4Тве-2Ста) | |
| 090 | a | Полочн. индекс | Т3(2Рос) | |
| x | Авторский знак | К 85 | ||
| 097 | b | Оператор | Polyakova.IM | |
| 110 | 2_ | a | Организация/ юрисдикция | Крыловские краеведческие чтения |
| c | Место | Старица | ||
| d | Дата | 2019 | ||
| 245 | 10 | a | Заглавие | Четвертые Крыловские краеведческие чтения |
| b | Продолж. заглавия | материалы и доклады региональной научно-практической конференции 2 апреля 2019 г. | ||
| c | Ответственность | Тверской государственный объединенный музей, Старицкий краеведческий музей, Старицкий районный клуб "Краевед" ; составитель А. В. Шитков | ||
| 246 | 00 | a | Другая форма заглавия | IV Крыловские краеведческие чтения |
| 246 | 00 | a | Другая форма заглавия | Крыловские краеведческие чтения |
| 246 | 00 | a | Другая форма заглавия | Крыловские чтения |
| 260 | c | Дата издания | 2020 | |
| a | Место издания | Старица | ||
| b | Издательство | Б.и. | ||
| 300 | a | Объем | 100, [1] с. | |
| b | Иллюстрации/ тип воспроизводства | ил., табл., цв. ил., портр. | ||
| 504 | a | Библиография | Библиогр. в подстрочных примеч. | |
| 520 | 0_ | a | Аннотация | Сборник содержит материалы и доклады научно-практической конференции, посвященные дореволюционному старицкому краеведу Ивану Петровичу Крылову. В докладах и сообщениях были затронуты различные аспекты изучения города Старица и Старицкого края. Сборник рассчитан на историков, краеведов, архивных, музейных работников и всех интересующихся отечественной историей. |
| 653 | 0_ | a | Ключевые слова | Старица, город |
| a | Ключевые слова | Тверская область | ||
| a | Ключевые слова | Краеведение | ||
| a | Ключевые слова | История Старицы | ||
| a | Ключевые слова | Чтения | ||
| a | Ключевые слова | Краеведческие чтения | ||
| a | Ключевые слова | Краеведы Старицы | ||
| a | Ключевые слова | Старицкие краеведы | ||
| a | Ключевые слова | Крылов Иван Петрович, краевед | ||
| 700 | 12 | a | Другие авторы | Шитков Александр Владимирович |
| e | Роль лиц | Составитель | ||
| 852 | 41 | x | Примечание, не предназначенное для пользователя | Гадалова Г. С., дар |
| 9 | 1050834 | |||
| 901 | t | Тип документа | m | |
| 920 | a | Оператор | Поля | |
| a | Оператор | Петр | ||
| 930 | a | Новая/Ретро | новая | |
| 952 | c | Вид литературы | К рн | |
| 954 | b | Дата поступления в ОК | 20240816 | |
| a | Дата поступления на обработку | 20240820 | ||
| c | Дата окончания ОНО | 20240820 |